Dubbel handbook of mechanical engineering
-д хадгалсан:
| Үндсэн зохиолчид: | , |
|---|---|
| Формат: | Ном |
| Хэл сонгох: | англи |
| Хэвлэсэн: |
Nueva York
Springer-Verlag
1994
|
| Нөхцлүүд: | |
| Шошгууд: |
Шошго нэмэх
Шошго байхгүй, Энэхүү баримтыг шошголох эхний хүн болох!
|
MARC
| LEADER | 00000nam a2200000 a 4500 | ||
|---|---|---|---|
| 001 | UCR6196 | ||
| 003 | CL-VaPUC | ||
| 008 | 980420e19940000US |||||||||||||||||eng|d | ||
| 082 | 0 | 4 | |a 621 |b BEI |2 21 |
| 100 | 0 | |a Beitz, W |e author |9 407398 | |
| 700 | 0 | |a Küttner, K. H |e author |9 407399 | |
| 245 | 1 | 0 | |a Dubbel handbook of mechanical engineering |
| 300 | |a 898 p | ||
| 942 | |c BK | ||
| 945 | |d 19980420 00:00:00 |a rbrito | ||
| 260 | |a Nueva York |b Springer-Verlag |c 1994 | ||
| 650 | 0 | |a Ingeniería mecánica |9 262089 | |
| 650 | 0 | |a Manuales |9 257144 | |
| 650 | 0 | |a Vibración |9 260216 | |
| 650 | 0 | |a Cinemática |9 260942 | |
| 650 | 0 | |a Estática |9 260452 | |
| 650 | 0 | |a Hidrostática |9 260944 | |
| 650 | 0 | |a Termodinámica |9 259320 | |
| 650 | 0 | |a Hidráulica |9 260193 | |
| 583 | |a last modification |c 19980420 00:00:00 |k Rodrigo Vera | ||
| 999 | |c 268496 |d 268494 | ||
| 952 | |0 0 |1 0 |4 0 |6 621_000000000000000_BEI_1994 |7 0 |8 F |9 301679 |a BIBMEC |b BIBMEC |d 2019-11-20 |i 341714K |o 621 BEI 1994 |p 341714K |r 2024-01-19 |w 2019-11-20 |y BK_F |k MEC | ||